000 00647nam a22002297a 4500
003 OSt
005 20140310181917.0
008 130716t xxu||||| |||| 00| 0 eng d
020 _a9812041419
050 _aPL 1205
_b.T161 2002
082 _aTR 495.115
_bT15 2002
100 _aTan, Huay Peng
_91068
245 _aHanyu pinyin. /
_cTan Huay Peng.
260 _aSingapore :
_bTimes Book International,
_cc2002.
300 _a96 p.
_c18 cm.
521 _afaculty
541 _j1
562 _e1
650 _2 Chinese languange--Phonetics
650 _2Chinese language--Glosarries--Vocabularies.
942 _2lcc
_cBK-TR
_kTR
999 _c6800
_d6800